[Event "Olympiad-44"]
[Site "Chennai"]
[Date "2022.08.07"]
[Round "9.2"]
[White "Gontcharov, Serguei"]
[Black "Bridet, Robert"]
[Result "1-0"]
[WhiteElo "1864"]
[BlackElo "1497"]
[PlyCount "111"]
[EventDate "2022.07.29"]
[EventType "team-swiss"]
[EventRounds "11"]
[EventCountry "IND"]
[SourceTitle "CBM 210"]
[Source "ChessBase"]
[SourceDate "2022.10.31"]
[SourceVersion "1"]
[SourceVersionDate "2022.10.31"]
[SourceQuality "1"]
[WhiteTeam "Bermuda"]
[BlackTeam "Dominica"]
[WhiteTeamCountry "BER"]

1. e4 e5 2. Nf3 Nc6 3. d4 exd4 4. Nxd4 Bc5 5. Be3 Nxd4 6. Bxd4 Bxd4 7. Qxd4 Qf6 8. e5 Qb6 9. Qxb6 axb6 10. Nc3 Ne7 11. Nb5 0-0 12. Nxc7 Ra5 13. Nb5 Ng6 14. f3 Nxe5 15. Nd6 Rd5 16. Rd1 Rc5 17. c3 Nc6 18. Kf2 b5 19. Bxb5 Na7 20. Be2 b5 21. Nxc8 Nxc8 22. Rxd7 Nb6 23. Rd2 g6 24. Rhd1 Kg7 25. Rd8 Rxd8 26. Rxd8 Na4 27. Rd2 h5 28. Bd1 Nb6 29. Bb3 g5 30. Rd6 Nc8 31. Rd7 Rf5 32. Rd5 Ne7 33. Rxf5 Nxf5 34. Bc2 Nd6 35. Bd3 Kf6 36. Ke3 Ke5 37. b3 f5 38. a4 bxa4 39. bxa4 Nb7 40. Bb5 f4+ 41. Kd3 g4 42. Bc6 Na5 43. Be8 gxf3 44. gxf3 Nb3 45. Kc2 Nc5 46. a5 h4 47. Bb5 Kd6 48. a6 Kc7 49. c4 Kb6 50. Kc3 Ne6 51. Kd3 Ng5 52. Ke2 Ne6 53. Kf2 Nc5 54. Kg2 Ne6 55. Kh3 Nd4 56. Kg4 1-0